Compendium theologiae moralis Beatae Mariae Virgini dicatum sive summula continens omnes theologiae moralis quaestiones praecipue practicas opus omnibus animarum pastoribus, examinandis, etc., valde inserviens

Detalles Bibliográficos
Autor principal: Vives y Tutó, José 1854-1913
Otros Autores: Calasanctio a Llevaneras, José (pseud.)
Formato: Libro
Lenguaje:Latin
Publicado: Barcinone 1888
Edición:Editio quinta aucta
Materias:
Colección:Banco de datos
Acervo:Biblioteca de la Congregación del Oratorio de San Felipe Neri de México. Iglesia La Profesa
Descripción Física:V, 408 p., [1] h. 15 cm.
Tema general:Teología moral
Notas:Encuadernación en tela con cartón. Ex libris manuscrito en la guarda anterior: "Julian Buhl y E. S. Luis Potosi, Julio 10 de 72". Sello en tinta del Oratorio de San Felipe Neri de México. Biblioteca La Profesa, D.F.
LEADER 01198nam a22002050004500
035 |a 2265 
041 0 |a lat 
100 1 |a Vives y Tutó, José  |d 1854-1913 
245 1 0 |a Compendium theologiae moralis Beatae Mariae Virgini dicatum sive summula continens omnes theologiae moralis quaestiones praecipue practicas opus omnibus animarum pastoribus, examinandis, etc., valde inserviens  |c auctore Fr. Josepho Calasanctio a Llevaneras Ord. Minorum S. Francisci Cappuccinorum S. R. et U. I. Cons. 
250 |a Editio quinta aucta 
260 |a Barcinone  |b ex typis, Inmaculatae Concepcionis  |c 1888 
300 |a V, 408 p., [1] h.  |c 15 cm. 
500 |a Encuadernación en tela con cartón. Ex libris manuscrito en la guarda anterior: "Julian Buhl y E. S. Luis Potosi, Julio 10 de 72". Sello en tinta del Oratorio de San Felipe Neri de México. Biblioteca La Profesa, D.F. 
504 |a Índices alfabético de materias y de contenido 
650 1 0 |a Teología moral 
700 1 |a Calasanctio a Llevaneras, José  |e pseud. 
949 |a Iglesia La Profesa, Biblioteca 4348 
942 |c PROFESA 
943 |g Biblioteca de la Congregación del Oratorio de San Felipe Neri de México. Iglesia La Profesa 
999 |c 949076  |d 949076